000 00426nam a22001697a 4500
005 20180323110400.0
008 160519b xxu||||| |||| 00| 0 eng d
020 _a81-8054383-8
041 _aeng
082 _b3267
_a338.5024658
100 _aVarshney/RL. Maheshwari
_9807
245 _aManagerial Economics
260 _aNew Delhi
_bSultan Chand & Sons.
_c2006
300 _a684
650 _aManagement
_9241
942 _cBK
999 _c1111
_d1111